Top 20 Chief Keef Song - Statistics

General Stats
  • This quiz has been taken 20 times
  • The average score is 8 of 20
Answer Stats
# Album Score Song % Correct
3 Finally Rich 97 Love Sosa
88%
5 Finally Rich 96 I Dont Like
71%
14 Back From the Dead 91 Save That Shit
71%
6 Back From The Dead 2 95 Faneto
65%
1 The Leek(Vol.1) 97 Save me
59%
8 Almighty So 93 Blew My High
53%
11 Finally rich 92 Hate bein sober
53%
7 The Leek(Vol.1) 94 War
47%
4 The Leek(Vol.2) 96 Love No Thotties
41%
2 The Leek(Vol.2) 97 Macaroni time
35%
18 Thot Breaker 89 Can You Be My Friend
29%
10 Back From the Dead 92 Monster
24%
19 Sorry 4 the weight 89 Sosa Chamberlain
24%
12 Bang 3 91 Superheroes
24%
13 4NEM 91 Tuxedo
24%
16 Back From the Dead 90 Winnin
24%
17 Almighty So 89 Yesterday
18%
15 4NEM 91 Bitch Where
12%
20 Thot Breaker 89 Going Home
12%
9 Young & Flexin 93 Dont LikeRemix
6%
No matching quizzes found
Score Distribution
Percent of People with Each Score
Percentile by Number Answered
Your Score History
You have not taken this quiz